| 000 | 00645nam a2200205 i 4500 | ||
|---|---|---|---|
| 001 | 146774 | ||
| 003 | ES-MaACL | ||
| 005 | 20250726063035.0 | ||
| 007 | t| | ||
| 008 | 070917s1914 sp ||||1| spa d | ||
| 100 | 1 |
_aTrueba, Antonio de, _d1819-1889 _9111545 |
|
| 245 | 1 | 0 |
_aCuentos de color de rosa / _cAntonio de Trueba. |
| 250 | _aNueva edición corregida y aumentada. | ||
| 260 |
_aMadrid : _bAntonio Rubiños, _c1914. |
||
| 300 |
_a477 p. ; _c20 cm. |
||
| 490 | 1 |
_aObras de don Antonio de Trueba ; _v4 |
|
| 830 | 0 |
_aObras de don Antonio de Trueba ; _v4 _9220886 |
|
| 852 |
_aES-MaACL _jB-4137 |
||
| 999 |
_c146774 _d146774 |
||